000 00425nam a2200169Ia 4500
005 20250423095539.0
008 250422s9999 xx 000 0 und d
020 _a9780443067211
050 _aQM 25 .G72 /
245 0 _aGray's atlas of anatomy
260 _aPhiladelphia
260 _bChurchill Livingstone
260 _c2008
300 _a558 p
650 _aAnatomy - Atlases Anatomy - Atlases
942 _cBK
999 _c30603
_d30603